| 000 | 00461nam a2200169 4500 | ||
|---|---|---|---|
| 001 | 118809 | ||
| 003 | ES-MaACL | ||
| 005 | 20230906191201.0 | ||
| 007 | t| | ||
| 008 | 070214s1929 gw r ||||1| ger d | ||
| 100 | 1 |
_aPetrizky, Anatol. _991545 |
|
| 245 | 1 | 0 |
_aTheater-Tachten / _cAnatol Petrizky ; text von V. Khmuroho. |
| 260 |
_aUkraine : _b[s.n.], _c1929. |
||
| 300 |
_a56 lám. ; _c35 cm. |
||
| 700 | 1 |
_aKhmuroho, V. _967992 |
|
| 852 |
_aES-MaACL _jF-14502 |
||
| 999 |
_c118809 _d118809 |
||